[Event "ch-European Rapid 2013"]
[Site "Warsaw POL"]
[Date "2013.12.14"]
[Round "3.3"]
[White "Swicarz, Maciej"]
[Black "Dreev, Aleksey"]
[Result "0-1"]
[BlackTitle "GM"]
[WhiteElo "2276"]
[BlackElo "2673"]
[WhiteFideId "1113585"]
[BlackFideId "4100107"]
[EventDate "2013.12.14"]
[EventType "swiss"]

1. e4 c6 2. d4 d5 3. Nd2 dxe4 4. Nxe4 Bf5 5. Ng3 Bg6 6. N1e2 Nd7 7. Nf4 e5 8.
Nxg6 hxg6 9. dxe5 Qa5+ 10. Bd2 Qxe5+ 11. Qe2 O-O-O 12. Qxe5 Nxe5 13. Be2 f5 14.
Bc3 Re8 15. O-O-O Bc5 16. Bd4 Bxd4 17. Rxd4 Nf6 18. h3 Re7 19. Rhd1 Rhe8 20. f4
Ned7 21. Bf3 Nb6 22. b3 Nbd5 23. c4 Nc7 24. R4d2 Ne6 25. Ne2 Nc5 26. Nc3 Re3 27.
Kc2 Ne6 28. Ne2 a5 29. Rd3 Rxe2+ 30. Bxe2 Nxf4 31. Bf3 Nxd3 32. Rxd3 Kc7 33. a3
g5 34. b4 Nd7 35. Kb3 Re1 36. Rd2 Re3+ 37. Kb2 Ne5 38. Be2 a4 39. Ka2 b6 40. Rc2
g6 41. Rd2 Rc3 42. Bd1 Nxc4 0-1

[Event "ch-European Rapid 2013"]
[Site "Warsaw POL"]
[Date "2013.12.14"]
[Round "3.4"]
[White "Wojtaszek, Radoslaw"]
[Black "Bartel, Michal"]
[Result "1-0"]
[WhiteTitle "GM"]
[BlackTitle "FM"]
[WhiteElo "2711"]
[BlackElo "2316"]
[WhiteFideId "1118358"]
[BlackFideId "1119257"]
[EventDate "2013.12.14"]
[EventType "swiss"]

1. Nf3 d5 2. d4 a6 3. Bg5 Nf6 4. e3 Bf5 5. c4 c6 6. Nc3 e6 7. Qb3 b5 8. cxd5
cxd5 9. Nxb5 axb5 10. Bxb5+ Ke7 11. O-O h6 12. Bf4 Nfd7 13. Rfc1 f6 14. Rc7 g5
15. Bg3 Rh7 16. Rac1 Kf7 17. Rb7 Kg8 18. Rcc7 Ne5 19. Bxe5 fxe5 20. Rxh7 Bxh7
21. Nxe5 Na6 22. Bd3 Bf5 23. Bxf5 exf5 24. g3 Bg7 25. Rd7 Qf8 26. Qxd5+ Kh7 27.
Qe6 Nb4 28. Qg6+ Kg8 29. Rf7 f4 30. Rxf8+ Rxf8 31. a3 fxe3 32. fxe3 1-0

[Event "ch-European Rapid 2013"]
[Site "Warsaw POL"]
[Date "2013.12.14"]
[Round "3.5"]
[White "Gaehwiler, Gabriel"]
[Black "Cheparinov, Ivan"]
[Result "0-1"]
[BlackTitle "GM"]
[WhiteElo "2327"]
[BlackElo "2672"]
[WhiteFideId "1314530"]
[BlackFideId "2905540"]
[EventDate "2013.12.14"]
[EventType "swiss"]

1. d4 Nf6 2. c4 g6 3. Nc3 Bg7 4. Nf3 O-O 5. e4 d6 6. Be2 Na6 7. Bg5 h6 8. Bh4
Qe8 9. O-O e5 10. Re1 Nh5 11. dxe5 dxe5 12. Nd5 c6 13. Be7 cxd5 14. Bxf8 Qxf8
15. cxd5 Nc5 16. Qc2 Bd7 17. Rac1 Rc8 18. Qb1 Nf4 19. Bf1 f5 20. Nd2 fxe4 21. b4
Nfd3 22. bxc5 Qxf2+ 23. Kh1 Nxe1 24. Rxe1 Qxd2 25. Rd1 Qf2 26. Qxb7 Bg4 27. d6
Bxd1 28. Qxc8+ Kh7 29. Qa6 e3 30. d7 e2 31. Bxe2 Bxe2 0-1

[Event "ch-European Rapid 2013"]
[Site "Warsaw POL"]
[Date "2013.12.14"]
[Round "3.6"]
[White "Ragger, Markus"]
[Black "Toma, Katarzyna"]
[Result "1-0"]
[WhiteTitle "GM"]
[BlackTitle "WGM"]
[WhiteElo "2646"]
[BlackElo "2300"]
[WhiteFideId "1610856"]
[BlackFideId "1119907"]
[EventDate "2013.12.14"]
[EventType "swiss"]

1. d4 Nf6 2. c4 g6 3. Nc3 d5 4. cxd5 Nxd5 5. Bd2 Nb6 6. e4 Bg7 7. Be3 O-O 8. h3
Nc6 9. Nf3 Re8 10. Be2 Bd7 11. Rc1 e6 12. O-O Ne7 13. Qc2 Rc8 14. Rfd1 Rf8 15.
Ne5 Be8 16. a4 Nd7 17. Qb3 Rb8 18. Bg5 f6 19. Nxd7 Qxd7 20. Bf4 Bf7 21. Nb5 Nc6
22. Bxc7 e5 23. d5 Rbc8 24. dxc6 Qxc7 25. Bc4 Qb6 26. a5 1-0

[Event "ch-European Rapid 2013"]
[Site "Warsaw POL"]
[Date "2013.12.14"]
[Round "3.7"]
[White "Kostyra, Stanislaw"]
[Black "Moiseenko, Alexander"]
[Result "0-1"]
[WhiteTitle "IM"]
[BlackTitle "GM"]
[WhiteElo "2270"]
[BlackElo "2713"]
[WhiteFideId "1100858"]
[BlackFideId "14102560"]
[EventDate "2013.12.14"]
[EventType "swiss"]

1. d4 Nf6 2. Nf3 e6 3. Bf4 c5 4. e3 Qb6 5. Nbd2 Qxb2 6. Bd3 Nd5 7. Rb1 Qc3 8.
Rb3 Qa5 9. Bg3 cxd4 10. exd4 Be7 11. O-O O-O 12. c4 Nf6 13. c5 Nc6 14. Nc4 Qd8
15. Qd2 Ne8 16. Nd6 Nxd6 17. cxd6 Bf6 18. Be4 b6 19. Ne5 Bb7 20. Nxc6 Bxc6 21.
Bxc6 dxc6 22. Rc1 Rc8 23. Qd3 g6 24. Rb4 c5 25. dxc5 Rxc5 26. Rxc5 bxc5 27. Rb7
Bd4 28. Qb5 e5 29. d7 Qg5 30. h4 Qxg3 0-1

[Event "ch-European Rapid 2013"]
[Site "Warsaw POL"]
[Date "2013.12.14"]
[Round "3.8"]
[White "Cukrowski, Filip"]
[Black "Tkachiev, Vladislav"]
[Result "0-1"]
[BlackTitle "GM"]
[WhiteElo "2215"]
[BlackElo "2637"]
[WhiteFideId "1171097"]
[BlackFideId "618438"]
[EventDate "2013.12.14"]
[EventType "swiss"]

1. e4 d6 2. d4 g6 3. Nc3 Bg7 4. f4 Nf6 5. Nf3 O-O 6. Be2 c5 7. e5 Nfd7 8. exd6
exd6 9. d5 Nf6 10. O-O Na6 11. Kh1 Re8 12. Bc4 Bf5 13. a3 Nc7 14. a4 Na6 15. Bd2
Nb4 16. Rc1 a6 17. h3 Qd7 18. Nh2 Ne4 19. Nxe4 Rxe4 20. b3 b5 21. axb5 axb5 22.
Be2 Nxc2 23. Bf3 Ne3 24. Bxe3 Rxe3 25. Re1 Rd3 26. Qe2 Rxb3 27. g4 Bd3 28. Qd2
c4 29. Be4 Bxe4+ 30. Rxe4 Rxh3 31. Qe2 Rha3 32. Re7 Qc8 33. Re1 Qc5 34. Qg2 Ra1
35. Nf1 Rxe1 36. Rxe1 c3 0-1

[Event "ch-European Rapid 2013"]
[Site "Warsaw POL"]
[Date "2013.12.14"]
[Round "3.8"]
[White "Jobava, Baadur"]
[Black "Setkauskas, Vaidas"]
[Result "1-0"]
[WhiteTitle "GM"]
[WhiteElo "2705"]
[BlackElo "2193"]
[WhiteFideId "13601520"]
[BlackFideId "12803936"]
[EventDate "2013.12.14"]
[EventType "swiss"]

1. b3 Nf6 2. Bb2 d5 3. e3 g6 4. Nc3 Bg7 5. d4 O-O 6. Qd2 Nbd7 7. O-O-O a5 8. f3
a4 9. Nxa4 c6 10. Nc3 b5 11. Kb1 Qa5 12. Nge2 Nb6 13. Nc1 Bd7 14. a3 Rfb8 15.
N3a2 Qa7 16. Nd3 Be8 17. Nab4 Rc8 18. Ka2 Nfd7 19. Ra1 c5 20. Nxc5 Nxc5 21. dxc5
Bxb2 22. Kxb2 Rxc5 23. h4 Rac8 24. h5 Qc7 25. hxg6 hxg6 26. Rc1 Qd6 27. Qd4 e5
28. Qh4 Kf8 29. Bd3 Nc4+ 30. bxc4 bxc4 31. Bxg6 fxg6 32. Qh8+ Ke7 33. Rh7+ Bf7
34. Qg7 c3+ 35. Kb1 Qe6 36. Rd1 Rb5 37. Kc1 Rc4 38. Rh8 Qd6 39. Rf8 Qe6 40. Ra8
Rc8 41. Rxc8 Qxc8 42. Nxd5+ Rxd5 43. Rxd5 Qa8 44. Rxe5+ 1-0

[Event "ch-European Rapid 2013"]
[Site "Warsaw POL"]
[Date "2013.12.14"]
[Round "3.10"]
[White "Azarov, Sergei"]
[Black "Barski, Radoslaw"]
[Result "1-0"]
[WhiteTitle "GM"]
[WhiteElo "2616"]
[BlackElo "2275"]
[WhiteFideId "13501470"]
[BlackFideId "1131710"]
[EventDate "2013.12.14"]
[EventType "swiss"]

1. e4 c5 2. Nf3 d6 3. d4 cxd4 4. Nxd4 Nf6 5. Nc3 a6 6. Bg5 e6 7. f4 h6 8. Bh4
Be7 9. Qf3 Qc7 10. O-O-O Nbd7 11. Bd3 Rb8 12. Rhe1 g5 13. fxg5 Ne5 14. Qe2 Nfg4
15. Nf3 Nxf3 16. gxf3 hxg5 17. Bg3 Ne5 18. f4 gxf4 19. Bxf4 b5 20. Kb1 b4 21.
Na4 Bd7 22. b3 Bxa4 23. bxa4 Bf6 24. Bxa6 Qc3 25. Bb5+ Ke7 26. Bd2 Qa3 27. Bc1
Qh3 28. Rf1 Qxh2 29. Qe3 Rb7 30. Rxf6 Kxf6 31. Qg5# 1-0

[Event "ch-European Rapid 2013"]
[Site "Warsaw POL"]
[Date "2013.12.14"]
[Round "3.11"]
[White "Zujev, Oleg"]
[Black "Rapport, Richard"]
[Result "0-1"]
[BlackTitle "GM"]
[WhiteElo "2270"]
[BlackElo "2687"]
[WhiteFideId "12801585"]
[BlackFideId "738590"]
[EventDate "2013.12.14"]
[EventType "swiss"]

1. d4 g6 2. e4 Nf6 3. Nc3 d5 4. e5 Ne4 5. Bd3 Nxc3 6. bxc3 c5 7. h3 Nc6 8. Nf3
Qa5 9. Bd2 c4 10. Be2 Bf5 11. a4 h6 12. O-O O-O-O 13. Nh4 Bd7 14. f4 e6 15. Nf3
Be7 16. Qc1 Kb8 17. Qb2 Ka8 18. Rfb1 Bc8 19. Qc1 Rdf8 20. Rb5 Qc7 21. Be3 f5 22.
exf6 Rxf6 23. Qd2 Bd6 24. Ne5 Ne7 25. Bf3 Nf5 26. Bf2 g5 27. fxg5 hxg5 28. Qxg5
Rff8 29. Ng6 Rfg8 30. h4 Be7 31. Qf4 Qxf4 32. Nxf4 Nxh4 33. Bxh4 Rxh4 34. Ne2
Bd6 35. Kf2 Bd7 36. Rbb1 Be8 37. a5 Bg6 38. a6 b6 39. Rh1 Rxh1 40. Rxh1 Kb8 41.
Rc1 Kc7 42. Ke3 Rf8 43. Kd2 b5 44. Ra1 Kb6 45. Ng1 Bf4+ 46. Kd1 Rh8 47. Nh3 Bf5
48. Nf2 Bg3 49. Ke2 Bxc2 50. Ng4 Bf5 51. Ne3 Bd3+ 52. Kd2 Bf4 53. Re1 Kxa6 54.
Kc1 b4 0-1

[Event "ch-European Rapid 2013"]
[Site "Warsaw POL"]
[Date "2013.12.14"]
[Round "3.13"]
[White "Sargissian, Gabriel"]
[Black "Akhayan, Ruben"]
[Result "1-0"]
[WhiteTitle "GM"]
[BlackTitle "FM"]
[WhiteElo "2675"]
[BlackElo "2245"]
[WhiteFideId "13300881"]
[BlackFideId "204439"]
[EventDate "2013.12.14"]
[EventType "swiss"]

1. d4 Nf6 2. Nf3 g6 3. c4 Bg7 4. g3 c6 5. Bg2 d5 6. Qa4 O-O 7. O-O Nbd7 8. cxd5
cxd5 9. Nc3 Nb6 10. Qa5 Nc4 11. Qxd8 Rxd8 12. b3 Nd6 13. Ba3 e6 14. Ne5 Nfe8 15.
Rac1 f6 16. Nd3 Bd7 17. Nc5 Rac8 18. e3 Bf8 19. Bb2 Kf7 20. a4 b6 21. Nxd7 Rxd7
22. Rfd1 Rdc7 23. Bf1 Ne4 24. Ba6 Nxc3 25. Bxc3 Rd8 26. Bb2 Bd6 27. f3 Rdd7 28.
e4 Rxc1 29. Rxc1 Rc7 30. Kf2 Rxc1 31. Bxc1 Nc7 32. Bb7 f5 33. Ke3 Ke7 34. Kd3
Kd7 35. Bd2 Be7 36. h3 h5 37. Bf4 g5 38. Be5 g4 39. hxg4 hxg4 40. exf5 exf5 41.
Ke2 gxf3+ 42. Kxf3 Bg5 43. b4 a5 44. b5 Bh6 45. Bc6+ Kd8 46. Bf4 Bg7 47. Bg5+
Kc8 48. Be7 Bh6 49. Bf6 Bd2 50. g4 fxg4+ 51. Kxg4 Bb4 52. Kf5 Bd6 53. Be5 Be7
54. Bf4 Bf8 55. Kf6 Bb4 56. Ke5 Bf8 57. Bg5 Bg7+ 58. Bf6 Bf8 59. Bxd5 Nxd5 60.
Kxd5 Kd7 61. Ke4 Bb4 62. d5 Bd6 63. Bd4 Bc7 64. Be5 Bd8 65. Kf5 Be7 66. Bf4 Bd8
67. d6 Bh4 68. Be3 Kxd6 69. Bxb6 Be1 70. Ke4 Bd2 71. Kd3 Be1 72. Kc4 Bd2 73. Bd4
Bg5 74. Bc5+ Kc7 75. Kd5 Kb7 76. Ke6 Bd2 77. Bd4 Be1 78. Kd5 Bh4 79. Bc3 Kb6 80.
Kd6 Bg3+ 81. Kd7 Bf4 82. Kc8 Be3 83. Be1 Bd4 84. Bd2 Bf2 85. Bg5 Kc5 86. Be7+
Kc4 87. Kb7 Be3 88. Kc6 Kb3 89. Bc5 Bf4 90. b6 Kxa4 91. b7 Bb8 92. Be7 Kb3 93.
Bd6 Ba7 94. Kb5 a4 95. Ka6 1-0

[Event "ch-European Rapid 2013"]
[Site "Warsaw POL"]
[Date "2013.12.14"]
[Round "3.14"]
[White "Szymanski, Piotr1"]
[Black "Lysyj, Igor"]
[Result "1-0"]
[BlackTitle "GM"]
[WhiteElo "2243"]
[BlackElo "2666"]
[WhiteFideId "1118242"]
[BlackFideId "4150120"]
[EventDate "2013.12.14"]
[EventType "swiss"]

1. d4 Nf6 2. Nf3 e6 3. Bg5 c5 4. c3 Be7 5. Nbd2 Nc6 6. e3 b6 7. Bd3 Bb7 8. O-O
O-O 9. Qe2 cxd4 10. exd4 Nd5 11. Bxe7 Ncxe7 12. g3 Nf6 13. Rfe1 a6 14. a4 Qc7
15. Ne5 d6 16. Ng4 Nd7 17. h4 Rfe8 18. h5 Nd5 19. f3 f5 20. Ne3 N5f6 21. g4 f4
22. Ng2 e5 23. Qf2 Kh8 24. Nh4 d5 25. dxe5 Nxe5 26. Be2 Rad8 27. Nf5 Bc8 28. Nd4
Rf8 29. Qh2 Nc4 30. Bxc4 dxc4 31. Re2 Qc5 32. Rae1 Bb7 33. Qf2 Bd5 34. Re5 Qc8
35. Re7 Nxg4 36. Qg2 Bxf3 37. N2xf3 Rg8 38. Ne6 Ne3 39. Ne5 Rdf8 40. Qh3 Rf6 41.
Ng6+ 1-0

[Event "ch-European Rapid 2013"]
[Site "Warsaw POL"]
[Date "2013.12.14"]
[Round "3.15"]
[White "Ivanisevic, Ivan"]
[Black "Lissang, Christopher"]
[Result "1-0"]
[WhiteTitle "GM"]
[WhiteElo "2626"]
[BlackElo "2240"]
[WhiteFideId "912417"]
[BlackFideId "1709615"]
[EventDate "2013.12.14"]
[EventType "swiss"]

1. d4 Nf6 2. c4 e6 3. Nc3 Bb4 4. Nf3 c5 5. g3 cxd4 6. Nxd4 Ne4 7. Qc2 Qa5 8. Bg2
Nxc3 9. O-O Na4 10. a3 Be7 11. Nb5 a6 12. b4 Qd8 13. Qxa4 Nc6 14. Bf4 e5 15. Be3
d6 16. Rfd1 Bd7 17. Nxd6+ Bxd6 18. Rxd6 Nd4 19. Qd1 Qc7 20. c5 Nf5 21. Qd5 Nxd6
22. Qxe5+ Be6 23. cxd6 Qd7 24. Qxg7 O-O-O 25. Rc1+ Kb8 26. Qd4 1-0

[Event "ch-European Rapid 2013"]
[Site "Warsaw POL"]
[Date "2013.12.14"]
[Round "3.16"]
[White "Nasuta, Grzegorz"]
[Black "Petrosian, Tigran L."]
[Result "1-0"]
[WhiteTitle "FM"]
[BlackTitle "GM"]
[WhiteElo "2331"]
[BlackElo "2648"]
[WhiteFideId "1141686"]
[BlackFideId "13301616"]
[EventDate "2013.12.14"]
[EventType "swiss"]

1. e4 d6 2. d4 g6 3. Nc3 Bg7 4. f4 a6 5. Nf3 b5 6. e5 Nh6 7. Bd3 O-O 8. O-O Nd7
9. Qe2 c5 10. Be3 Ng4 11. e6 Nxe3 12. exd7 Qxd7 13. Qxe3 cxd4 14. Nxd4 Qa7 15.
Nce2 e5 16. f5 exd4 17. Qe4 Bb7 18. Qh4 Rae8 19. f6 Bh8 20. Ng3 Re5 21. Nf5 Rfe8
22. Ne7+ R5xe7 23. fxe7 Bd5 24. Rae1 Be5 25. Kh1 Qxe7 26. Qf2 Qg5 27. Be4 Bc4
28. Bd3 Be6 29. b3 Qh5 30. g3 Bd5+ 31. Kg1 Kg7 32. Ra1 Bxg3 33. Qxg3 Re5 34. h4
Re3 35. Qg5 Qxg5+ 36. hxg5 Rg3+ 37. Kf2 Rg2+ 38. Ke1 Rxg5 39. Ke2 h5 40. Rf4
Rg2+ 41. Kf1 Rh2 42. Re1 h4 43. Be4 Be6 44. Re2 Rxe2 45. Kxe2 g5 46. Rf1 Kh6 47.
Bf5 Bd5 48. Rd1 Bg2 49. Kf2 Bc6 50. Rxd4 d5 51. c4 Kg7 52. cxd5 Be8 53. d6 Kf6
54. d7 Bxd7 55. Bxd7 Ke5 56. Rg4 f6 57. b4 Kd6 58. Bc8 1-0

[Event "ch-European Rapid 2013"]
[Site "Warsaw POL"]
[Date "2013.12.14"]
[Round "3.17"]
[White "Miton, Kamil"]
[Black "Klepaczka, Tomasz"]
[Result "1-0"]
[WhiteTitle "GM"]
[WhiteElo "2591"]
[BlackElo "2240"]
[WhiteFideId "1111914"]
[BlackFideId "1134574"]
[EventDate "2013.12.14"]
[EventType "swiss"]

1. d4 Nf6 2. c4 g6 3. Nc3 d5 4. Qb3 dxc4 5. Qxc4 Bg7 6. e4 O-O 7. Be2 Nc6 8. Nf3
Nd7 9. Be3 Nb6 10. Qd3 f5 11. Rd1 f4 12. Bc1 Bg4 13. e5 Qd7 14. O-O Rad8 15. Qe4
e6 16. Bxf4 Bxf3 17. Bxf3 Nxd4 18. Bg5 1-0

[Event "ch-European Rapid 2013"]
[Site "Warsaw POL"]
[Date "2013.12.14"]
[Round "3.18"]
[White "Musialkiewicz, Jan"]
[Black "Salgado Lopez, Ivan"]
[Result "1/2-1/2"]
[BlackTitle "GM"]
[WhiteElo "2298"]
[BlackElo "2597"]
[WhiteFideId "1141929"]
[BlackFideId "2257327"]
[EventDate "2013.12.14"]
[EventType "swiss"]

1. e4 c6 2. Ne2 d5 3. e5 c5 4. d4 Nc6 5. c3 e6 6. a3 f6 7. Nf4 Qc7 8. Bb5 a6 9.
Bxc6+ bxc6 10. O-O c4 11. exf6 Nxf6 12. Re1 Bd6 13. g3 O-O 14. Be3 Rb8 15. Ra2
e5 16. dxe5 Bxe5 17. Nd2 Bg4 18. f3 Bd7 19. Nf1 Rfe8 20. Qd2 Qb7 21. Re2 Qb3 22.
Ra1 Bxf4 23. gxf4 Bf5 24. Rae1 Kf7 25. Bd4 Rxe2 26. Rxe2 Bd3 27. Rg2 Qa2 28.
Bxf6 Qb1 29. Qf2 Qxf1+ 30. Qxf1 Bxf1 31. Be5 Bxg2 32. Bxb8 Bxf3 33. Kf2 Bd1 34.
Bd6 Ke6 35. Bf8 g6 36. Ke3 Kf5 37. h4 Ba4 38. Be7 Bb5 39. Bf8 a5 40. Be7 a4 41.
Bg5 Ba6 42. Be7 Bb5 43. Bd6 Kg4 44. Be7 Kg3 45. Bg5 Kg2 46. f5 gxf5 47. Kf4 Kf2
48. Kxf5 Ke2 49. Ke5 Kd3 50. Be7 Kc2 51. Kd4 Kxb2 52. Bc5 Ba6 53. Bd6 Kc2 54. h5
Bc8 55. h6 Kb3 56. Bb4 Bf5 57. Bc5 Bg6 58. Bb4 Kc2 59. Be7 Kd2 60. Bf8 Ke2 61.
Bg7 Kf3 62. Kc5 Be8 63. Bd4 Ke4 64. Bg7 Kd3 65. Bd4 Kc2 66. Kb4 Kb2 67. Be3 Bd7
68. Bd4 Kc2 69. Be3 Kd3 70. Bd4 Be8 71. Kc5 Kd2 72. Kb4 Kd3 73. Kc5 Ke4 74. Bg7
Bd7 75. Bf6 Kf5 76. Bg7 Kg6 77. Kd4 Kf7 78. Kc5 Be8 79. Kd4 Ke6 80. Kc5 Kd7 81.
Be5 Kc8 82. Bf6 Kd7 83. Be5 Ke6 84. Bg7 Kf5 85. Bd4 Ke4 86. Bg7 Ke3 87. Bf6 Kd2
88. Bg7 Kc1 89. Bd4 Kc2 90. Kb4 Kb2 91. Be3 Ka2 92. Bd4 Bd7 93. Bc5 Kb2 94. Bd4
Kc2 95. Bf6 c5+ 96. Kxc5 Kb3 97. Kxd5 Kxa3 98. Kxc4 Be6+ 99. Kd3 Kb3 100. c4
Bxc4+ 101. Kd2 a3 102. Kc1 Bd3 103. Bg7 Bg6 104. Bf6 1/2-1/2

[Event "ch-European Rapid 2013"]
[Site "Warsaw POL"]
[Date "2013.12.14"]
[Round "3.20"]
[White "Bognar, Csaba Dr."]
[Black "Krasenkow, Michal"]
[Result "0-1"]
[WhiteTitle "FM"]
[BlackTitle "GM"]
[WhiteElo "2230"]
[BlackElo "2633"]
[WhiteFideId "709760"]
[BlackFideId "1113100"]
[EventDate "2013.12.14"]
[EventType "swiss"]

1. d4 g6 2. c4 Bg7 3. Nc3 d6 4. e4 Nc6 5. Nge2 e5 6. Be3 exd4 7. Nxd4 Nge7 8.
Be2 O-O 9. O-O f5 10. f3 f4 11. Bf2 Nxd4 12. Bxd4 Bxd4+ 13. Qxd4 Nc6 14. Qd5+
Kh8 15. Rad1 Qf6 16. Qd2 Be6 17. Nb5 Rf7 18. Nd4 Nxd4 19. Qxd4 Qxd4+ 20. Rxd4
Kg7 21. Rc1 b6 22. Kf2 a5 23. Bd1 Bd7 24. b3 Kf6 25. a3 Bc6 26. Rd2 Ke5 27. Be2
g5 28. g4 h5 29. h3 hxg4 30. hxg4 Rh7 31. Rg1 Kf6 32. Rdd1 Rh2+ 33. Rg2 Rah8 34.
Bf1 Bd7 35. Rxh2 Rxh2+ 36. Bg2 Be6 37. Kg1 Rh8 38. Bf1 Ke5 39. Rd2 c6 40. a4 d5
41. exd5 cxd5 42. Kf2 Rh2+ 43. Bg2 dxc4 44. bxc4 Bxc4 45. Rb2 Rh6 46. Bf1 Bd5
47. Rb5 Kd4 48. Kg2 Rc6 49. Rb2 Rc3 50. Rd2+ Kc5 51. Be2 Bb3 52. Bb5 Rc2 0-1

[Event "ch-European Rapid 2013"]
[Site "Warsaw POL"]
[Date "2013.12.14"]
[Round "3.21"]
[White "Dubov, Daniil"]
[Black "Piesik, Piotr"]
[Result "1-0"]
[WhiteTitle "GM"]
[WhiteElo "2629"]
[BlackElo "2207"]
[WhiteFideId "24126055"]
[BlackFideId "1136194"]
[EventDate "2013.12.14"]
[EventType "swiss"]

1. Nf3 g6 2. g3 Bg7 3. Bg2 e5 4. O-O d5 5. c4 Ne7 6. cxd5 Nxd5 7. Nc3 Nb6 8. d3
O-O 9. Bg5 Qe8 10. a4 Be6 11. Nd2 Nc6 12. a5 Nc8 13. a6 Rb8 14. axb7 Rxb7 15.
Nde4 f6 16. Nc5 Bb3 17. Nxb3 fxg5 18. Bxc6 Qxc6 19. Na5 Qb6 20. Nxb7 Qxb7 21.
Qa4 Qxb2 22. Qc4+ Kh8 23. Rfb1 Nd6 24. Qc6 Qxa1 25. Rxa1 e4 26. dxe4 Nxe4 27.
Qxe4 Bxc3 28. Rxa7 1-0

[Event "ch-European Rapid 2013"]
[Site "Warsaw POL"]
[Date "2013.12.14"]
[Round "3.22"]
[White "Korchmar, Vasiliy"]
[Black "Andriasian, Zaven"]
[Result "1-0"]
[WhiteTitle "FM"]
[BlackTitle "GM"]
[WhiteElo "2347"]
[BlackElo "2610"]
[WhiteFideId "24131750"]
[BlackFideId "13302000"]
[EventDate "2013.12.14"]
[EventType "swiss"]

1. d4 Nf6 2. c4 c5 3. d5 b5 4. cxb5 a6 5. bxa6 Bxa6 6. Nc3 g6 7. e4 Bxf1 8. Kxf1
d6 9. Nf3 Bg7 10. g3 O-O 11. Kg2 Nbd7 12. a4 Qa5 13. Bd2 Qc7 14. Qc2 Rfb8 15.
Nb5 Qb7 16. Bc3 Nb6 17. b3 Rc8 18. Rhe1 c4 19. b4 Nxa4 20. Rxa4 Qxb5 21. Rxa8
Rxa8 22. Nd4 Qb7 23. Qe2 Rc8 24. Nc6 Rxc6 25. dxc6 Qxc6 26. f3 Nd7 27. Bxg7 Kxg7
28. Rc1 Nb6 29. Qe3 Qb5 30. Qc3+ f6 31. Ra1 h5 32. Ra7 Kf7 33. Rc7 Qa4 34. Qd4
Qa2+ 35. Qf2 Qxf2+ 36. Kxf2 d5 37. Rc6 Nd7 38. exd5 Ne5 39. Rc7 Nd3+ 40. Ke2
Nxb4 41. d6 Ke8 42. Rxe7+ Kd8 43. Rg7 g5 44. Kd2 Nd5 45. h4 gxh4 46. gxh4 c3+
47. Kc2 Ne3+ 48. Kxc3 Nf5 49. Rf7 Nxd6 50. Rxf6 Ke7 51. Rh6 Nf7 52. Rxh5 Kf6 53.
Kd2 Ke6 54. Ke3 Kf6 55. Kf4 Nd8 56. Rf5+ Kg6 57. Rg5+ Kf6 58. Ra5 Ne6+ 59. Kg4
Nd4 60. Ra6+ Kf7 61. h5 Kg7 62. f4 Kf7 63. h6 Nc2 64. Kg5 Nd4 65. Ra7+ Kg8 66.
Kg6 1-0

[Event "ch-European Rapid 2013"]
[Site "Warsaw POL"]
[Date "2013.12.14"]
[Round "3.23"]
[White "Neiksans, Arturs"]
[Black "Plonczak, Dominik"]
[Result "1-0"]
[WhiteTitle "GM"]
[WhiteElo "2560"]
[BlackElo "2216"]
[WhiteFideId "11601388"]
[BlackFideId "1132997"]
[EventDate "2013.12.14"]
[EventType "swiss"]

1. e4 d5 2. exd5 Qxd5 3. Nc3 Qd6 4. d4 Nf6 5. Nf3 a6 6. g3 b5 7. Bg2 Bb7 8. O-O
e6 9. Re1 Be7 10. Bf4 Qb6 11. a4 b4 12. a5 Qa7 13. Bxc7 Bc6 14. Bb6 Qb7 15. Na4
Nbd7 16. c4 bxc3 17. bxc3 Nd5 18. c4 N5xb6 19. Nxb6 Rd8 20. d5 Nxb6 21. dxc6
Qxc6 22. Ne5 Qc5 23. Bc6+ Kf8 24. Qh5 g6 25. Qf3 1-0

[Event "ch-European Rapid 2013"]
[Site "Warsaw POL"]
[Date "2013.12.14"]
[Round "3.24"]
[White "Gerasimenyk, Mikhail"]
[Black "Antipov, Mikhail Al."]
[Result "0-1"]
[WhiteTitle "FM"]
[BlackTitle "GM"]
[WhiteElo "2188"]
[BlackElo "2511"]
[WhiteFideId "14111845"]
[BlackFideId "4107012"]
[EventDate "2013.12.14"]
[EventType "swiss"]

1. d4 Nf6 2. Nf3 e6 3. Bg5 h6 4. Bh4 Be7 5. Nbd2 d5 6. e3 O-O 7. Bd3 c5 8. c3 b6
9. Qe2 Bb7 10. O-O Nbd7 11. Rad1 Ne4 12. Bg3 Nxg3 13. hxg3 Nf6 14. e4 dxe4 15.
Nxe4 cxd4 16. Nxd4 Qc7 17. Nxf6+ Bxf6 18. Be4 Rad8 19. Bxb7 Qxb7 20. Nf3 b5 21.
Rxd8 Rxd8 22. Rd1 Rd5 23. Rd2 a5 24. Qd1 Rxd2 25. Qxd2 Qe4 26. a3 h5 27. Qd7
Qb1+ 28. Kh2 Qxb2 29. Qe8+ Kh7 30. Qxf7 Kh6 31. Qxe6 Qxc3 32. g4 hxg4 33. Qxg4
Qc7+ 34. g3 Qc5 35. Kg2 Qd5 36. Qc8 g5 37. g4 a4 38. Qf8+ Kg6 39. Qe8+ Kg7 40.
Kg3 b4 41. axb4 a3 0-1

[Event "ch-European Rapid 2013"]
[Site "Warsaw POL"]
[Date "2013.12.14"]
[Round "3.25"]
[White "Bryzgalin, Kirill"]
[Black "Chalupnik, Marcin"]
[Result "1-0"]
[WhiteTitle "GM"]
[WhiteElo "2460"]
[BlackElo "2215"]
[WhiteFideId "4133285"]
[BlackFideId "1102346"]
[EventDate "2013.12.14"]
[EventType "swiss"]

1. e4 c5 2. Nf3 d6 3. d4 cxd4 4. Nxd4 Nf6 5. f3 e6 6. c4 Be7 7. Nc3 a6 8. Be3
O-O 9. Be2 Nbd7 10. O-O Qc7 11. a4 b6 12. a5 bxa5 13. Nb3 Rb8 14. Ra2 Re8 15.
Nxa5 Nc5 16. Bf2 Bd7 17. Qc2 Bf8 18. Rd1 Red8 19. Bf1 Be8 20. Kh1 h6 21. Bd4 Be7
22. Ne2 Nfd7 23. Bc3 Ne5 24. Nd4 Bf6 25. b3 Rdc8 26. Be2 g5 27. Bf1 Ng6 28. b4
Nb7 29. Nxb7 Qxb7 30. Nf5 Bxc3 31. Nxd6 Qxb4 32. Nxc8 Rxc8 33. Rb1 1-0

[Event "ch-European Rapid 2013"]
[Site "Warsaw POL"]
[Date "2013.12.14"]
[Round "3.26"]
[White "Jaroch, Karol"]
[Black "Mista, Aleksander"]
[Result "0-1"]
[BlackTitle "GM"]
[WhiteElo "2247"]
[BlackElo "2583"]
[WhiteFideId "1130609"]
[BlackFideId "1110381"]
[EventDate "2013.12.14"]
[EventType "swiss"]

1. e4 e5 2. Nf3 Nc6 3. Bb5 a6 4. Ba4 Nf6 5. d3 b5 6. Bb3 Be7 7. O-O d6 8. c3 O-O
9. Re1 Na5 10. Bc2 c5 11. Nbd2 Re8 12. Nf1 Bf8 13. Ng3 g6 14. h3 Bg7 15. Be3 Bb7
16. Qd2 Rc8 17. Bh6 Bh8 18. Rad1 d5 19. exd5 Nxd5 20. Bg5 Qb6 21. h4 b4 22. Ba4
Bc6 23. Bxc6 Nxc6 24. c4 Nc7 25. h5 Ne6 26. hxg6 hxg6 27. Re4 f6 28. Bh6 f5 29.
Rh4 Bf6 30. Rh3 Ncd4 31. Nxd4 cxd4 32. Kh2 Kf7 33. Re1 Qd6 34. Kg1 Rh8 35. Qc2
Bg5 36. Bxg5 Rxh3 37. Bd2 Rh7 38. Qa4 Rb8 39. Qa5 Kf6 40. a3 bxa3 41. bxa3 Qc5
42. Qxa6 Ra7 43. Bg5+ Kf7 0-1